Normale Ansicht MARC-Ansicht ISBD

The Soviet price system / (Titelsatznr. 31001)

[ MARC ]
MARC-Details
000 -Satzkennung
Kontrollfeld mit fester Länge 00703nam a22002411c 4500
001 - Kontrollnummer
Kontrollfeld a987694156
003 - Kontrollnummer Identifier
Kontrollfeld RU-10907106
005 - Datum und Zeit der letzten Transaktion
Kontrollfeld 20210624112015.0
008 - Feld mit fester Länge zur physischen Beschreibung - Allgemeine Angaben
Kontrollfeld mit fester Länge 200617s1951 gw a||| 000u eng d
040 ## - Katalogisierungsquelle
Übertragungsstelle RU-10907106
Original-Katalogisierungsstelle RU-10907106
Katalogisierungssprache ger
041 ## - Sprachcode
Sprachcode des Textes/der Tonspur oder des separaten Titels eng
100 1# - Haupteintragung - Personenname
Personenname Jasny, Naum
245 04 - Titel
Titel The Soviet price system /
Verfasserangabe etc. by Naum Jasny
264 ## - Produktion, Veröffentlichung, Distribution, Herstellung und Urheberrechtsvermerk
Herstellungs-, Veröffentlichungs- Vertriebs-, Erzeugungsort Stanford, Calif. :
Produzent, Herausgeber, Distributor, Hersteller Stanford University Press,
Datum der Herstellung, der Veröffentlichung, des Vertriebs oder des Urheberschutzvermerks 1951
300 ## - Physische Beschreibung
Umfang IX, 179 Seiten : Illusrationen
490 #0 - Gesamttitelangabe
Gesamttitelangabe Miscellaneous Publication
Bandnummer/Folgebezeichnung 11B, Nov. 1951
650 #0 - Nebeneintragung unter einem Schlagwort - Sachschlagwort
Sachschlagwort oder geografischer Name als Eintragungselement Preissystem
650 #0 - Nebeneintragung unter einem Schlagwort - Sachschlagwort
Sachschlagwort oder geografischer Name als Eintragungselement Preispolitik
650 #0 - Nebeneintragung unter einem Schlagwort - Sachschlagwort
Sachschlagwort oder geografischer Name als Eintragungselement Planwirtschaft
651 #0 - Nebeneintragung unter einem Schlagwort - Geografischer Name
Geografischer Name Sowjetunion
710 2# - Nebeneintragung - Körperschaftsname
Körperschafts- oder Gebietskörperschaftsname als Eintragungselement Food Research Institute, Stanford Univ.
942 ## - Zusätzliche Felder (Koha)
Koha-Medientyp Monographien
Klassifikation oder Aufstellungssystematik Andere/Generische Klassifikation
Exemplare
Ausgeschieden Verloren Klassifikation oder Aufstellungssystematik Beschädigt Nicht entleihbar Heimatbibliothek Aufenthaltsbibliothek Aufstellungsort Erwerbungsdatum Inventarnummer Signatur Barcode Letzte Aktivität Preis gültig von Koha-Medientyp
    Andere/Generische Klassifikation     MWN Osteuropa MWN Osteuropa Magazin - 2 17/06/2020 21-00570 R 60 q Jas 2 E0040150790EECC1 12/04/2021 22/03/2021 Monographien